[Event "euyr2018"]
[Site "?"]
[Date "2018.05.26"]
[Round "5.9"]
[White "Gzib, David"]
[Black "Ferkova, Dominika"]
[Result "0-1"]
[BlackElo "1759"]
[WhiteElo "1686"]
[LiveChessVersion "1.4.8"]

1. e4 {[%clk 0:20:18]} c6 {[%clk 0:20:19]} 2. d4 {[%clk 0:20:25]} d5
{[%clk 0:20:28]} 3. e5 {[%clk 0:20:34]} Bf5 {[%clk 0:20:37]} 4. h4
{[%clk 0:20:41]} h5 {[%clk 0:20:42]} 5. Bd3 {[%clk 0:20:03]} Bxd3
{[%clk 0:20:45]} 6. Qxd3 {[%clk 0:20:11]} e6 {[%clk 0:20:52]} 7. Bg5
{[%clk 0:19:22]} Qb6 {[%clk 0:20:45]} 8. Nd2 {[%clk 0:19:03]} c5 {[%clk 0:20:22]}
9. c3 {[%clk 0:17:46]} Nc6 {[%clk 0:20:22]} 10. Ngf3 {[%clk 0:17:53]} Rc8
{[%clk 0:19:31]} 11. O-O {[%clk 0:17:24]} Nge7 {[%clk 0:18:13]} 12. dxc5
{[%clk 0:16:42]} Qxc5 {[%clk 0:18:21]} 13. Nb3 {[%clk 0:13:38]} Qb6
{[%clk 0:18:25]} 14. Nbd4 {[%clk 0:13:35]} Nxd4 {[%clk 0:17:47]} 15. Nxd4
{[%clk 0:13:41]} Ng6 {[%clk 0:17:49]} 16. Rfe1 {[%clk 0:11:24]} Bc5
{[%clk 0:17:39]} 17. b3 {[%clk 0:08:58]} O-O {[%clk 0:17:18]} 18. a4
{[%clk 0:06:51]} Ne7 {[%clk 0:14:21]} 19. Bxe7 {[%clk 0:05:55]} Bxe7
{[%clk 0:14:29]} 20. b4 {[%clk 0:04:49]} Bxh4 {[%clk 0:14:00]} 21. a5
{[%clk 0:03:47]} Qc7 {[%clk 0:13:01]} 22. Re3 {[%clk 0:02:24]} Bg5
{[%clk 0:12:37]} 23. Rh3 {[%clk 0:01:39]} h4 {[%clk 0:11:57]} 24. f4
{[%clk 0:01:30]} Bxf4 {[%clk 0:11:55]} 25. Rxh4 {[%clk 0:01:35]} Bh6
{[%clk 0:11:51]} 26. Rh3 {[%clk 0:00:51]} Qxe5 {[%clk 0:11:50]} 27. Kf2
{[%clk 0:00:33]} Qf4+ {[%clk 0:09:40]} 28. Nf3 {[%clk 0:00:42]} Qc4
{[%clk 0:09:01]} 29. Ne5 {[%clk 0:00:21]} Qxd3 {[%clk 0:09:05]} 30. Rxd3
{[%clk 0:00:29]} Rfd8 {[%clk 0:08:08]} 31. Rad1 {[%clk 0:00:25]} f6
{[%clk 0:08:08]} 32. Ng4 {[%clk 0:00:30]} Bg5 {[%clk 0:08:01]} 33. Nh2
{[%clk 0:00:28]} Kf7 {[%clk 0:07:50]} 34. Nf3 {[%clk 0:00:36]} Bh6
{[%clk 0:07:57]} 35. g3 {[%clk 0:00:32]} Rc7 {[%clk 0:07:52]} 36. Nd4
{[%clk 0:00:36]} a6 {[%clk 0:07:48]} 37. b5 {[%clk 0:00:24]} Rdc8
{[%clk 0:07:37]} 38. bxa6 {[%clk 0:00:26]} bxa6 {[%clk 0:07:41]} 39. Re1
{[%clk 0:00:20]} Rxc3 {[%clk 0:06:55]} 40. Rxc3 {[%clk 0:00:29]} Rxc3
{[%clk 0:07:03]} 41. Nxe6 {[%clk 0:00:37]} Be3+ {[%clk 0:05:42]} 0-1

[Event "euyr2018"]
[Site "?"]
[Date "2018.05.26"]
[Round "5.10"]
[White "Taragelova, Martina"]
[Black "Varga, Lukas"]
[Result "1-0"]
[BlackElo "1646"]
[WhiteElo "1615"]
[LiveChessVersion "1.4.8"]

1. e4 {[%clk 0:20:18]} c5 {[%clk 0:20:19]} 2. Nf3 {[%clk 0:20:25]} Nc6
{[%clk 0:20:27]} 3. d4 {[%clk 0:20:33]} cxd4 {[%clk 0:20:36]} 4. Nxd4
{[%clk 0:20:40]} g6 {[%clk 0:20:44]} 5. Nc3 {[%clk 0:20:45]} Bg7 {[%clk 0:20:52]}
6. Be3 {[%clk 0:20:52]} Nf6 {[%clk 0:20:55]} 7. Be2 {[%clk 0:20:57]} O-O
{[%clk 0:20:59]} 8. O-O {[%clk 0:21:02]} d5 {[%clk 0:21:04]} 9. exd5
{[%clk 0:20:40]} Nxd5 {[%clk 0:18:54]} 10. Nxd5 {[%clk 0:20:29]} Nxd4
{[%clk 0:19:01]} 11. Bxd4 {[%clk 0:19:49]} Qxd5 {[%clk 0:19:06]} 12. Bxg7
{[%clk 0:19:50]} Qxd1 {[%clk 0:19:13]} 13. Rfxd1 {[%clk 0:18:59]} Kxg7
{[%clk 0:19:21]} 14. Bf3 {[%clk 0:18:33]} Bf5 {[%clk 0:18:09]} 15. c3
{[%clk 0:17:31]} e5 {[%clk 0:17:34]} 16. Rd2 {[%clk 0:14:55]} e4 {[%clk 0:16:32]}
17. Be2 {[%clk 0:14:41]} Rfe8 {[%clk 0:14:06]} 18. Rad1 {[%clk 0:12:51]} e3
{[%clk 0:14:11]} 19. fxe3 {[%clk 0:12:13]} Rxe3 {[%clk 0:14:19]} 20. Bf3
{[%clk 0:12:12]} Rb8 {[%clk 0:12:20]} 21. Kf2 {[%clk 0:12:03]} Re5
{[%clk 0:11:48]} 22. Rd5 {[%clk 0:06:47]} Kf6 {[%clk 0:10:37]} 23. Rxe5
{[%clk 0:05:53]} Kxe5 {[%clk 0:10:45]} 24. Rd5+ {[%clk 0:05:44]} Kf6
{[%clk 0:08:09]} 25. Rd4 {[%clk 0:03:54]} b6 {[%clk 0:07:55]} 26. Rd6+
{[%clk 0:03:13]} Be6 {[%clk 0:07:25]} 27. a3 {[%clk 0:03:05]} Rc8
{[%clk 0:06:51]} 28. Rd4 {[%clk 0:01:39]} Rc5 {[%clk 0:06:11]} 29. Ke3
{[%clk 0:00:41]} Re5+ {[%clk 0:04:54]} 30. Kf2 {[%clk 0:00:35]} Ke7
{[%clk 0:04:02]} 31. Bc6 {[%clk 0:00:20]} h5 {[%clk 0:02:41]} 32. h3
{[%clk 0:00:21]} f5 {[%clk 0:01:44]} 33. Bf3 {[%clk 0:00:23]} Bf7
{[%clk 0:01:03]} 34. Bc6 {[%clk 0:00:19]} Be6 {[%clk 0:01:06]} 35. Bf3
{[%clk 0:00:26]} Bf7 {[%clk 0:00:40]} 36. Bc6 {[%clk 0:00:31]} Rc5
{[%clk 0:00:48]} 37. Bf3 {[%clk 0:00:25]} g5 {[%clk 0:00:54]} 38. Kg3
{[%clk 0:00:18]} g4 {[%clk 0:00:20]} 39. hxg4 {[%clk 0:00:18]} hxg4
{[%clk 0:00:26]} 40. Bd1 {[%clk 0:00:19]} Re5 {[%clk 0:00:19]} 41. Kf4
{[%clk 0:00:17]} Re1 {[%clk 0:00:28]} 42. Kxf5 {[%clk 0:00:16]} Be6+
{[%clk 0:00:18]} 43. Kf4 {[%clk 0:00:18]} Rf1+ {[%clk 0:00:19]} 44. Ke3
{[%clk 0:00:15]} Bd7 {[%clk 0:00:00]} 1-0

[Event "euyr2018"]
[Site "?"]
[Date "2018.05.26"]
[Round "5.11"]
[White "Slaba, Andrea"]
[Black "Stauder, Matej"]
[Result "1-0"]
[BlackElo "1445"]
[WhiteElo "1677"]
[LiveChessVersion "1.4.8"]

1. d4 {[%clk 0:20:19]} Nf6 {[%clk 0:20:17]} 2. Nf3 {[%clk 0:20:28]} g6
{[%clk 0:20:15]} 3. g3 {[%clk 0:20:37]} Bg7 {[%clk 0:20:13]} 4. Bg2
{[%clk 0:20:46]} O-O {[%clk 0:19:56]} 5. O-O {[%clk 0:20:53]} d6 {[%clk 0:19:13]}
6. c4 {[%clk 0:20:56]} Nbd7 {[%clk 0:19:15]} 7. Nc3 {[%clk 0:21:05]} c5
{[%clk 0:18:18]} 8. d5 {[%clk 0:21:07]} a6 {[%clk 0:17:52]} 9. a4
{[%clk 0:21:11]} a5 {[%clk 0:15:48]} 10. e4 {[%clk 0:21:10]} Ng4 {[%clk 0:14:37]}
11. h3 {[%clk 0:20:26]} Nge5 {[%clk 0:14:45]} 12. Nxe5 {[%clk 0:20:07]} Nxe5
{[%clk 0:14:52]} 13. Qe2 {[%clk 0:20:15]} Nd7 {[%clk 0:12:19]} 14. Be3
{[%clk 0:19:52]} Nb8 {[%clk 0:12:16]} 15. f4 {[%clk 0:19:56]} Na6
{[%clk 0:12:13]} 16. Bf2 {[%clk 0:19:43]} Nb4 {[%clk 0:12:06]} 17. g4
{[%clk 0:19:17]} Re8 {[%clk 0:09:21]} 18. Rad1 {[%clk 0:18:57]} b6
{[%clk 0:08:45]} 19. e5 {[%clk 0:18:05]} Ra7 {[%clk 0:08:03]} 20. Nb5
{[%clk 0:18:00]} Rd7 {[%clk 0:07:17]} 21. Rfe1 {[%clk 0:17:19]} e6
{[%clk 0:06:24]} 22. Nxd6 {[%clk 0:17:03]} Ree7 {[%clk 0:06:00]} 23. Bh4
{[%clk 0:16:26]} Rxd6 {[%clk 0:04:44]} 24. Bxe7 {[%clk 0:16:35]} Qxe7
{[%clk 0:04:53]} 25. exd6 {[%clk 0:16:44]} Qxd6 {[%clk 0:05:01]} 26. dxe6
{[%clk 0:16:44]} Qxe6 {[%clk 0:05:02]} 27. Qxe6 {[%clk 0:16:48]} Bxe6
{[%clk 0:05:10]} 28. Bd5 {[%clk 0:16:30]} Nxd5 {[%clk 0:04:37]} 29. cxd5
{[%clk 0:16:36]} Bd7 {[%clk 0:04:45]} 30. b3 {[%clk 0:16:12]} b5 {[%clk 0:04:21]}
31. axb5 {[%clk 0:16:11]} Bxb5 {[%clk 0:04:30]} 32. d6 {[%clk 0:16:19]} Bd4+
{[%clk 0:04:07]} 33. Kh2 {[%clk 0:16:14]} Bf6 {[%clk 0:03:35]} 34. d7
{[%clk 0:16:19]} 1-0

[Event "euyr2018"]
[Site "?"]
[Date "2018.05.26"]
[Round "5.12"]
[White "Lukac, Jakub"]
[Black "Taragel, Marian"]
[Result "1/2-1/2"]
[BlackElo "1369"]
[WhiteElo "1309"]
[LiveChessVersion "1.4.8"]

1. e4 {[%clk 0:20:17]} e5 {[%clk 0:20:13]} 2. Nf3 {[%clk 0:20:18]} Nc6
{[%clk 0:20:10]} 3. Bc4 {[%clk 0:20:23]} Bc5 {[%clk 0:20:11]} 4. O-O
{[%clk 0:20:17]} d6 {[%clk 0:19:51]} 5. h3 {[%clk 0:20:05]} Nf6 {[%clk 0:19:43]}
6. d3 {[%clk 0:20:13]} O-O {[%clk 0:19:45]} 7. Bg5 {[%clk 0:20:16]} Be6
{[%clk 0:19:42]} 8. Bb3 {[%clk 0:20:03]} Nd4 {[%clk 0:18:21]} 9. Nxd4
{[%clk 0:19:34]} Bxd4 {[%clk 0:18:17]} 10. c3 {[%clk 0:19:41]} Bb6
{[%clk 0:18:22]} 11. Qf3 {[%clk 0:19:47]} Kh8 {[%clk 0:18:05]} 12. Nd2
{[%clk 0:19:02]} h6 {[%clk 0:15:24]} 13. Bxf6 {[%clk 0:17:36]} Qxf6
{[%clk 0:15:17]} 14. Qxf6 {[%clk 0:17:42]} gxf6 {[%clk 0:15:25]} 15. Nc4
{[%clk 0:17:48]} Rg8 {[%clk 0:15:25]} 16. Kh2 {[%clk 0:17:54]} Rg7
{[%clk 0:15:16]} 17. Nxb6 {[%clk 0:17:47]} axb6 {[%clk 0:15:24]} 18. Bxe6
{[%clk 0:17:54]} fxe6 {[%clk 0:15:31]} 19. g3 {[%clk 0:18:00]} f5
{[%clk 0:15:23]} 20. a3 {[%clk 0:17:37]} Rf8 {[%clk 0:15:04]} 21. Rae1
{[%clk 0:17:27]} f4 {[%clk 0:14:52]} 22. g4 {[%clk 0:16:48]} Rg5 {[%clk 0:13:28]}
23. f3 {[%clk 0:16:52]} Rf7 {[%clk 0:12:28]} 24. Rg1 {[%clk 0:16:47]} h5
{[%clk 0:12:11]} 25. Rg2 {[%clk 0:15:30]} hxg4 {[%clk 0:11:33]} 26. Rxg4
{[%clk 0:15:36]} Rh5 {[%clk 0:10:09]} 27. h4 {[%clk 0:15:29]} Rfh7
{[%clk 0:09:20]} 28. Kh3 {[%clk 0:15:36]} d5 {[%clk 0:08:58]} 29. Reg1
{[%clk 0:15:42]} Rd7 {[%clk 0:08:43]} 30. exd5 {[%clk 0:14:26]} exd5
{[%clk 0:08:30]} 31. Rg5 {[%clk 0:14:32]} Rxg5 {[%clk 0:07:55]} 32. hxg5
{[%clk 0:14:29]} e4 {[%clk 0:07:08]} 33. fxe4 {[%clk 0:14:26]} dxe4
{[%clk 0:07:16]} 34. dxe4 {[%clk 0:14:34]} Rd3+ {[%clk 0:07:25]} 35. Kg4
{[%clk 0:14:36]} f3 {[%clk 0:06:56]} 36. Rf1 {[%clk 0:14:35]} Re3
{[%clk 0:06:49]} 37. Rxf3 {[%clk 0:14:26]} Rxe4+ {[%clk 0:06:57]} 38. Kg3
{[%clk 0:14:35]} Re2 {[%clk 0:06:55]} 39. Rf2 {[%clk 0:14:44]} Re3+
{[%clk 0:07:02]} 40. Kf4 {[%clk 0:14:51]} Re8 {[%clk 0:07:04]} 41. Kg4
{[%clk 0:14:59]} Kg7 {[%clk 0:07:09]} 42. Rd2 {[%clk 0:15:05]} Re7
{[%clk 0:07:09]} 43. Rg2 {[%clk 0:14:43]} Kg6 {[%clk 0:07:09]} 44. Kf4
{[%clk 0:14:10]} Rf7+ {[%clk 0:07:17]} 45. Ke5 {[%clk 0:14:07]} Rg7
{[%clk 0:07:11]} 46. Ke6 {[%clk 0:13:40]} Rh7 {[%clk 0:07:11]} 47. Kd5
{[%clk 0:13:17]} Re7 {[%clk 0:07:07]} 48. b4 {[%clk 0:13:18]} Rd7+
{[%clk 0:06:04]} 49. Kc4 {[%clk 0:13:20]} c6 {[%clk 0:05:52]} 50. Rg3
{[%clk 0:13:16]} Rd5 {[%clk 0:05:41]} 51. a4 {[%clk 0:12:55]} Rxg5
{[%clk 0:05:45]} 52. Rxg5+ {[%clk 0:13:02]} Kxg5 {[%clk 0:05:52]} 53. b5
{[%clk 0:13:11]} Kf5 {[%clk 0:05:29]} 54. Kd4 {[%clk 0:13:18]} Kf6
{[%clk 0:05:31]} 55. c4 {[%clk 0:13:21]} Ke6 {[%clk 0:04:46]} 56. c5
{[%clk 0:13:24]} cxb5 {[%clk 0:03:49]} 57. axb5 {[%clk 0:13:25]} Kd7
{[%clk 0:02:53]} 58. Kd5 {[%clk 0:12:32]} bxc5 {[%clk 0:02:56]} 1/2-1/2

[Event "euyr2018"]
[Site "?"]
[Date "2018.05.26"]
[Round "5.13"]
[White "Pribyl, Viktor"]
[Black "Persanyi, Barnabas"]
[Result "1-0"]
[BlackElo "2049"]
[WhiteElo "1908"]
[LiveChessVersion "1.4.8"]

1. e4 {[%clk 0:20:19]} e5 {[%clk 0:20:15]} 2. Nf3 {[%clk 0:20:26]} d6
{[%clk 0:20:22]} 3. Be2 {[%clk 0:20:08]} Be7 {[%clk 0:20:27]} 4. O-O
{[%clk 0:20:16]} Nf6 {[%clk 0:20:17]} 5. d3 {[%clk 0:20:25]} O-O {[%clk 0:20:13]}
6. c3 {[%clk 0:20:32]} c5 {[%clk 0:20:14]} 7. h3 {[%clk 0:20:29]} Nc6
{[%clk 0:20:22]} 8. a4 {[%clk 0:20:17]} h6 {[%clk 0:19:52]} 9. Be3
{[%clk 0:20:23]} d5 {[%clk 0:19:56]} 10. exd5 {[%clk 0:20:02]} Nxd5
{[%clk 0:20:02]} 11. d4 {[%clk 0:19:43]} cxd4 {[%clk 0:19:23]} 12. cxd4
{[%clk 0:19:51]} Nxe3 {[%clk 0:19:22]} 13. fxe3 {[%clk 0:20:00]} exd4
{[%clk 0:19:29]} 14. exd4 {[%clk 0:19:27]} Be6 {[%clk 0:19:01]} 15. Nc3
{[%clk 0:18:50]} Bf6 {[%clk 0:18:11]} 16. d5 {[%clk 0:17:50]} Bxc3
{[%clk 0:17:13]} 17. dxe6 {[%clk 0:15:16]} Bxb2 {[%clk 0:15:27]} 18. exf7+
{[%clk 0:15:09]} Rxf7 {[%clk 0:14:06]} 19. Rb1 {[%clk 0:14:52]} Bd4+
{[%clk 0:12:18]} 20. Nxd4 {[%clk 0:13:30]} Qxd4+ {[%clk 0:12:18]} 21. Qxd4
{[%clk 0:13:30]} Rxf1+ {[%clk 0:12:25]} 22. Bxf1 {[%clk 0:13:30]} Nxd4
{[%clk 0:12:34]} 23. Rxb7 {[%clk 0:13:33]} a5 {[%clk 0:12:34]} 24. Rd7
{[%clk 0:13:11]} Nf5 {[%clk 0:12:01]} 25. Bc4+ {[%clk 0:12:46]} Kh8
{[%clk 0:12:08]} 26. Bd3 {[%clk 0:11:53]} Ng3 {[%clk 0:11:56]} 27. Rd5
{[%clk 0:11:26]} g5 {[%clk 0:10:51]} 28. Rd6 {[%clk 0:10:21]} h5 {[%clk 0:10:12]}
29. Rh6+ {[%clk 0:09:23]} Kg7 {[%clk 0:10:06]} 30. Rg6+ {[%clk 0:09:32]} Kf7
{[%clk 0:09:53]} 31. Rxg5 {[%clk 0:09:38]} h4 {[%clk 0:10:02]} 32. Rg4
{[%clk 0:09:12]} Rh8 {[%clk 0:10:08]} 33. Rg5 {[%clk 0:09:16]} Ra8
{[%clk 0:09:53]} 34. Rg4 {[%clk 0:07:58]} Rh8 {[%clk 0:10:00]} 35. Kh2
{[%clk 0:07:38]} Kf6 {[%clk 0:09:42]} 36. Kg1 {[%clk 0:05:55]} Rd8
{[%clk 0:07:01]} 37. Bb5 {[%clk 0:04:11]} Nf5 {[%clk 0:06:20]} 38. Kf2
{[%clk 0:02:53]} Ke5 {[%clk 0:05:52]} 39. Rg5 {[%clk 0:02:21]} Kf6
{[%clk 0:04:51]} 40. Rg4 {[%clk 0:02:27]} Ke5 {[%clk 0:04:26]} 41. Rg5
{[%clk 0:02:36]} Rd4 {[%clk 0:04:16]} 42. Ke2 {[%clk 0:01:57]} Re4+
{[%clk 0:03:54]} 43. Kd3 {[%clk 0:01:31]} Rb4 {[%clk 0:03:32]} 44. Kc3
{[%clk 0:00:42]} Kf6 {[%clk 0:03:33]} 45. Rg4 {[%clk 0:00:50]} Rb1
{[%clk 0:03:08]} 46. Bd3 {[%clk 0:00:44]} Rc1+ {[%clk 0:03:08]} 47. Kd2
{[%clk 0:00:40]} Rg1 {[%clk 0:03:16]} 48. Bxf5 {[%clk 0:00:25]} Kxf5
{[%clk 0:03:25]} 49. Rxh4 {[%clk 0:00:33]} Rxg2+ {[%clk 0:03:34]} 50. Kc3
{[%clk 0:00:41]} Ra2 {[%clk 0:03:39]} 51. Kb3 {[%clk 0:00:49]} Ra1
{[%clk 0:03:48]} 52. Rh5+ {[%clk 0:00:57]} Kf4 {[%clk 0:03:53]} 53. Rxa5
{[%clk 0:01:04]} Kg3 {[%clk 0:04:02]} 54. Rf5 {[%clk 0:00:40]} Kxh3
{[%clk 0:04:10]} 55. Kb4 {[%clk 0:00:50]} Kg4 {[%clk 0:04:18]} 56. Rf2
{[%clk 0:00:55]} Rb1+ {[%clk 0:04:16]} 57. Kc5 {[%clk 0:01:03]} Rc1+
{[%clk 0:04:24]} 58. Kb6 {[%clk 0:01:12]} Rb1+ {[%clk 0:04:33]} 59. Ka6
{[%clk 0:01:20]} Kg5 {[%clk 0:04:35]} 60. a5 {[%clk 0:01:26]} Kg6
{[%clk 0:04:43]} 61. Ka7 {[%clk 0:01:35]} Kg7 {[%clk 0:04:52]} 62. a6
{[%clk 0:01:44]} Rb3 {[%clk 0:05:00]} 63. Ka8 {[%clk 0:01:41]} Rb1
{[%clk 0:05:08]} 64. a7 {[%clk 0:01:24]} Rb3 {[%clk 0:05:17]} 65. Rc2
{[%clk 0:01:29]} Kf7 {[%clk 0:05:25]} 66. Rc7+ {[%clk 0:01:31]} Ke6
{[%clk 0:05:32]} 67. Rb7 {[%clk 0:01:39]} Rh3 {[%clk 0:05:14]} 68. Kb8
{[%clk 0:01:15]} Rh8+ {[%clk 0:05:15]} 69. Kc7 {[%clk 0:01:24]} Kd5
{[%clk 0:04:59]} 70. Rb8 {[%clk 0:01:01]} Rh7+ {[%clk 0:05:08]} 71. Kb6
{[%clk 0:01:10]} Rh6+ {[%clk 0:05:13]} 72. Ka5 {[%clk 0:01:18]} 1-0

[Event "euyr2018"]
[Site "?"]
[Date "2018.05.26"]
[Round "5.14"]
[White "Zetocha, Adrian"]
[Black "Turcan, Richard"]
[Result "1-0"]
[BlackElo "1943"]
[WhiteElo "1887"]
[LiveChessVersion "1.4.8"]

1. d4 {[%clk 0:20:18]} Nf6 {[%clk 0:20:16]} 2. c4 {[%clk 0:20:25]} c5
{[%clk 0:20:20]} 3. d5 {[%clk 0:20:27]} e6 {[%clk 0:20:28]} 4. Nc3
{[%clk 0:20:35]} exd5 {[%clk 0:20:37]} 5. cxd5 {[%clk 0:20:44]} d6
{[%clk 0:20:45]} 6. e4 {[%clk 0:20:44]} g6 {[%clk 0:20:51]} 7. Nf3
{[%clk 0:20:44]} a6 {[%clk 0:20:57]} 8. a4 {[%clk 0:20:53]} Bg7 {[%clk 0:20:09]}
9. Bd3 {[%clk 0:21:00]} Bg4 {[%clk 0:18:43]} 10. h3 {[%clk 0:19:55]} Bxf3
{[%clk 0:18:52]} 11. gxf3 {[%clk 0:19:36]} Nbd7 {[%clk 0:18:20]} 12. f4
{[%clk 0:18:27]} O-O {[%clk 0:17:21]} 13. Rg1 {[%clk 0:16:40]} Re8
{[%clk 0:17:08]} 14. Qe2 {[%clk 0:14:45]} Rc8 {[%clk 0:14:01]} 15. f3
{[%clk 0:13:49]} Nb6 {[%clk 0:12:13]} 16. a5 {[%clk 0:13:41]} Nbxd5
{[%clk 0:12:03]} 17. Bd2 {[%clk 0:12:57]} Nxc3 {[%clk 0:10:49]} 18. Bxc3
{[%clk 0:13:02]} d5 {[%clk 0:10:57]} 19. O-O-O {[%clk 0:12:42]} d4
{[%clk 0:10:10]} 20. Bc4 {[%clk 0:12:40]} Qc7 {[%clk 0:10:04]} 21. Bd2
{[%clk 0:12:40]} b5 {[%clk 0:09:34]} 22. axb6 {[%clk 0:12:47]} Qxb6
{[%clk 0:09:42]} 23. f5 {[%clk 0:12:45]} Nxe4 {[%clk 0:04:04]} 24. fxg6
{[%clk 0:11:49]} hxg6 {[%clk 0:03:50]} 25. Qd3 {[%clk 0:06:56]} Nf2
{[%clk 0:03:38]} 26. Qxg6 {[%clk 0:07:03]} Qxg6 {[%clk 0:03:46]} 27. Rxg6
{[%clk 0:07:11]} Nxd1 {[%clk 0:03:47]} 28. Kxd1 {[%clk 0:07:01]} Rb8
{[%clk 0:02:36]} 29. b3 {[%clk 0:06:17]} Kf8 {[%clk 0:01:30]} 30. Rxa6
{[%clk 0:06:13]} Ra8 {[%clk 0:01:39]} 31. Rc6 {[%clk 0:03:11]} Ra1+
{[%clk 0:00:38]} 32. Bc1 {[%clk 0:03:19]} Re5 {[%clk 0:00:33]} 33. Rc8+
{[%clk 0:03:06]} Ke7 {[%clk 0:00:30]} 34. Rc7+ {[%clk 0:03:15]} Kd8
{[%clk 0:00:14]} 35. Rxf7 {[%clk 0:02:47]} Re7 {[%clk 0:00:12]} 36. Rf5
{[%clk 0:02:33]} Bh6 {[%clk 0:00:16]} 37. f4 {[%clk 0:02:41]} Rg7
{[%clk 0:00:15]} 38. Rd5+ {[%clk 0:02:03]} Kc7 {[%clk 0:00:12]} 39. Rxc5+
{[%clk 0:01:32]} Kb6 {[%clk 0:00:22]} 40. Rf5 {[%clk 0:01:01]} Rg1+
{[%clk 0:00:26]} 41. Ke2 {[%clk 0:01:01]} Ra2+ {[%clk 0:00:13]} 42. Kf3
{[%clk 0:00:52]} Bg7 {[%clk 0:00:12]} 43. Rg5 {[%clk 0:00:33]} Rxc1
{[%clk 0:00:12]} 44. Rxg7 {[%clk 0:00:36]} Kc5 {[%clk 0:00:11]} 45. Rd7
{[%clk 0:00:37]} Rc3+ {[%clk 0:00:17]} 46. Ke4 {[%clk 0:00:36]} Re3+
{[%clk 0:00:26]} 47. Kf5 {[%clk 0:00:43]} Rd2 {[%clk 0:00:12]} 48. h4
{[%clk 0:00:37]} Kc6 {[%clk 0:00:21]} 49. Rd5 {[%clk 0:00:38]} Rh3
{[%clk 0:00:12]} 50. Ke4 {[%clk 0:00:33]} Re3+ {[%clk 0:00:17]} 51. Kf5
{[%clk 0:00:42]} Rh3 {[%clk 0:00:18]} 52. Ke4 {[%clk 0:00:41]} Rh1
{[%clk 0:00:11]} 53. h5 {[%clk 0:00:30]} Re1+ {[%clk 0:00:19]} 54. Kf5
{[%clk 0:00:37]} Re7 {[%clk 0:00:14]} 55. h6 {[%clk 0:00:35]} Rh2
{[%clk 0:00:12]} 56. Rxd4 {[%clk 0:00:24]} Rxh6 {[%clk 0:00:21]} 57. Kg5
{[%clk 0:00:19]} Rh8 {[%clk 0:00:15]} 58. f5 {[%clk 0:00:27]} Rf8
{[%clk 0:00:12]} 59. f6 {[%clk 0:00:28]} Re3 {[%clk 0:00:13]} 60. f7
{[%clk 0:00:34]} Kc5 {[%clk 0:00:12]} 61. Rd5+ {[%clk 0:00:40]} Kb4
{[%clk 0:00:12]} 62. Rf5 {[%clk 0:00:24]} Kc3 {[%clk 0:00:12]} 63. Kf6
{[%clk 0:00:27]} Rb8 {[%clk 0:00:14]} 64. Kg7 {[%clk 0:00:18]} Rg3+
{[%clk 0:00:21]} 65. Kf6 {[%clk 0:00:28]} Kd4 {[%clk 0:00:15]} 66. Ke7
{[%clk 0:00:32]} Rg7 {[%clk 0:00:11]} 67. Rd5+ {[%clk 0:00:22]} Ke4
{[%clk 0:00:20]} 68. Rd8 {[%clk 0:00:25]} Rb7+ {[%clk 0:00:15]} 69. Rd7
{[%clk 0:00:34]} Rb8 {[%clk 0:00:12]} 70. Kf6 {[%clk 0:00:40]} Rg3
{[%clk 0:00:13]} 71. Re7+ {[%clk 0:00:47]} Kd4 {[%clk 0:00:14]} 72. Re8
{[%clk 0:00:45]} Rf3+ {[%clk 0:00:13]} 73. Kg5 {[%clk 0:00:50]} Rb5+
{[%clk 0:00:13]} 74. Bxb5 {[%clk 0:00:44]} Rxf7 {[%clk 0:00:21]} 75. Bc4
{[%clk 0:00:50]} Rf2 {[%clk 0:00:24]} 76. Rd8+ {[%clk 0:00:56]} Kc3
{[%clk 0:00:30]} 77. Kg4 {[%clk 0:01:02]} Rf6 {[%clk 0:00:36]} 78. Rd3+
{[%clk 0:01:11]} Kb4 {[%clk 0:00:45]} 79. Rf3 {[%clk 0:01:18]} Rd6
{[%clk 0:00:48]} 80. Kf4 {[%clk 0:01:27]} Rd2 {[%clk 0:00:55]} 81. Ke3
{[%clk 0:01:33]} Rd8 {[%clk 0:01:04]} 82. Rf5 {[%clk 0:01:42]} Rd1
{[%clk 0:01:06]} 83. Rd5 {[%clk 0:01:47]} Re1+ {[%clk 0:01:15]} 84. Kd2
{[%clk 0:01:55]} Re7 {[%clk 0:01:18]} 85. Rb5+ {[%clk 0:02:04]} Ka3
{[%clk 0:01:27]} 86. Kc2 {[%clk 0:02:09]} Rg7 {[%clk 0:01:11]} 87. Ra5+
{[%clk 0:02:06]} Kb4 {[%clk 0:01:20]} 88. Ra4+ {[%clk 0:02:12]} Kc5
{[%clk 0:01:29]} 89. Kb2 {[%clk 0:02:10]} Rg2+ {[%clk 0:01:38]} 90. Ka3
{[%clk 0:02:19]} Rg1 {[%clk 0:01:44]} 91. Bd3 {[%clk 0:02:12]} Ra1+
{[%clk 0:01:52]} 92. Kb2 Rh1 {[%clk 0:01:31]} 93. b4+ {[%clk 0:02:28]} Kd4
{[%clk 0:01:21]} 94. Bc2 {[%clk 0:02:36]} Kc4 {[%clk 0:01:19]} 95. Bf5
{[%clk 0:00:25]} Rh2+ {[%clk 0:01:05]} 96. Ka3 {[%clk 0:00:34]} Rh1
{[%clk 0:00:16]} 97. Be6+ {[%clk 0:00:34]} Kb5 {[%clk 0:00:16]} 98. Ra5+
{[%clk 0:00:40]} Kb6 {[%clk 0:00:25]} 99. Re5 {[%clk 0:00:26]} Ra1+
{[%clk 0:00:20]} 100. Kb2 {[%clk 0:00:32]} Rh1 {[%clk 0:00:16]} 101. b5 Rg1
{[%clk 0:00:12]} 102. Bd7 {[%clk 0:00:39]} Rg6 {[%clk 0:00:17]} 103. Kc3
{[%clk 0:00:45]} Rd6 {[%clk 0:00:14]} 104. Bc6 {[%clk 0:00:52]} Rd1
{[%clk 0:00:16]} 105. Re7 {[%clk 0:00:57]} Rc1+ {[%clk 0:00:20]} 106. Kd4
{[%clk 0:01:02]} Rd1+ {[%clk 0:00:28]} 107. Kc4 {[%clk 0:01:11]} Rc1+
{[%clk 0:00:30]} 108. Kd5 {[%clk 0:01:20]} Rd1+ {[%clk 0:00:39]} 109. Ke6
{[%clk 0:01:29]} Kc5 {[%clk 0:00:23]} 110. Rb7 {[%clk 0:01:35]} Rd3
{[%clk 0:00:25]} 111. Rb8 {[%clk 0:01:36]} Rd1 {[%clk 0:00:23]} 112. Be8
{[%clk 0:01:38]} Rd6+ {[%clk 0:00:11]} 113. Ke7 {[%clk 0:01:40]} Rh6
{[%clk 0:00:14]} 114. Rc8+ {[%clk 0:01:39]} Kb4 {[%clk 0:00:21]} 115. Rc6
{[%clk 0:01:30]} Rh7+ {[%clk 0:00:17]} 116. Kd8 {[%clk 0:01:38]} Rb7
{[%clk 0:00:13]} 117. Re6 {[%clk 0:01:15]} Ka5 {[%clk 0:00:15]} 118. Kc8
{[%clk 0:01:22]} Ra7 {[%clk 0:00:13]} 119. b6 {[%clk 0:01:24]} Ra6
{[%clk 0:00:20]} 120. Kc7 {[%clk 0:00:44]} Kb4 {[%clk 0:00:12]} 121. Re4+
{[%clk 0:00:42]} Kc5 {[%clk 0:00:18]} 122. b7 {[%clk 0:00:50]} Ra7
{[%clk 0:00:26]} 123. Ra4 {[%clk 0:00:48]} Kd5 1-0